000 00198nam a22000857a 4500
008 170626b xxu||||| |||| 00| 0 eng d
100 _93687
_aKalam. A
245 _aWings on fire
260 _aHydrapad
_c2009
999 _c7103
_d7103